000 00554nam a2200217 i 4500
001 bg
100 1 _aZYDOROWICZ, Tomasz.
245 0 0 _aMicrosoft DOS 6.0 /
_cTomasz Zydrowicz.
260 _aWarszawa :
_bWydaw. PLJ,
_c1993.
300 _a543, [5] s. :
_bil. ;
_c24 cm.
650 9 _aDOS
650 9 _aKomputery
_abudowa i organizacja
655 _aPodręczniki
020 _a8371010227
040 _cBPK
041 0 _apl
080 _a004:004.451DOS](07)
920 _a83-7101-022-7
942 _cKS
008 s pl f |000 0 pol
999 _c38317
_d38317
856 _uhttp://koha.tu.koszalin.pl/cgi-bin/koha/opac-detail.pl?biblionumber=38317
_yKatalog online BPK